A First Year Engneering Drawing: (Record no. 609921)

000 -LEADER
fixed length control field 00493nam a22001577a 4500
020 ## - INTERNATIONAL STANDARD BOOK NUMBER
International Standard Book Number 139788175980624
040 ## - CATALOGING SOURCE
Transcribing agency NUST
082 ## - DEWEY DECIMAL CLASSIFICATION NUMBER
Classification number 604.2
Author Mark PAR
100 ## - MAIN ENTRY--PERSONAL NAME
Personal name Parkinson, A.C
9 (RLIN) 40152
110 ## - MAIN ENTRY--CORPORATE NAME
Corporate name or jurisdiction name as entry element Currie,J.H
9 (RLIN) 123894
245 ## - TITLE STATEMENT
Title A First Year Engneering Drawing:
Remainder of title Covering The First Year National Certificate in Mechanical Engneering
250 ## - EDITION STATEMENT
Edition statement Sixth Edition
260 ## - PUBLICATION, DISTRIBUTION, ETC.
Place of publication, distribution, etc. India:
Name of publisher, distributor, etc. Sterling Book House,
Date of publication, distribution, etc. 2006.
650 ## - SUBJECT ADDED ENTRY--TOPICAL TERM
Topical term or geographic name entry element A First Year Engneering Drawing:
9 (RLIN) 123895
942 ## - ADDED ENTRY ELEMENTS (KOHA)
Source of classification or shelving scheme
Koha item type Book
Holdings
Withdrawn status Lost status Source of classification or shelving scheme Damaged status Not for loan Permanent Location Current Location Shelving location Date acquired Full call number Barcode Date last seen Price effective from Koha item type Public note
          College of Electrical & Mechanical Engineering (CEME) College of Electrical & Mechanical Engineering (CEME) General Stacks 06/28/2024 604.2 PAR CEME- 49691 06/28/2024 06/28/2024 Book 3.8
© 2023 Central Library, National University of Sciences and Technology. All Rights Reserved.